Cuatro técnicas en el test de apercepción temática y la autobiografía como técnica proyectiva / (Record no. 121817)

MARC details
000 -LEADER
campo de control de longitud fija 00767nam a2200217 i 4500
001 - NÚMERO DE CONTROL
campo de control 121817
003 - IDENTIFICADOR DE NÚMERO DE CONTROL
campo de control ES-MaACL
005 - FECHA Y HORA DE LA ÚLTIMA TRANSACCIÓN
campo de control 20230906191831.0
007 - CAMPO FIJO DE DESCRIPCIÓN FÍSICA--INFORMACIÓN GENERAL
campo de control de longitud fija t|
008 - DATOS DE LONGITUD FIJA--INFORMACIÓN GENERAL
campo de control de longitud fija 070214s1970 sp r ||||1| spa d
100 1# - ENTRADA PRINCIPAL--NOMBRE DE PERSONA
Nombre de persona Portuondo, Juan A.
9 (RLIN) 93303
245 10 - MENCIÓN DEL TÍTULO
Título Cuatro técnicas en el test de apercepción temática y la autobiografía como técnica proyectiva /
Mención de responsabilidad, etc. por Juan A. Portuondo.
260 ## - PUBLICACIÓN, DISTRIBUCIÓN, ETC.
Lugar de publicación, distribución, etc. Madrid :
Nombre del editor, distribuidor, etc. Biblioteca Nueva,
Fecha de publicación, distribución, etc. 1970.
300 ## - DESCRIPCIÓN FÍSICA
Extensión 113 p. ;
Dimensiones 24 cm.
490 1# - MENCIÓN DE SERIE
Mención de serie Textos y Temas Psicológicos ;
Designación de volumen o secuencia 15
650 ## - PUNTO DE ACCESO ADICIONAL DE MATERIA--TÉRMINO DE MATERIA
Término de materia o nombre geográfico como elemento de entrada Test de apercepción temática.
9 (RLIN) 160565
650 ## - PUNTO DE ACCESO ADICIONAL DE MATERIA--TÉRMINO DE MATERIA
Término de materia o nombre geográfico como elemento de entrada Enfermedades mentales-
Subdivisión general Diagnóstico.
9 (RLIN) 12266
830 0# - PUNTO DE ACCESO ADICIONAL DE SERIE-TÍTULO UNIFORME
Título uniforme Textos y Temas Psicológicos ;
Designación de volumen o secuencia 15
9 (RLIN) 186524
852 ## - LOCALIZACIÓN
Ubicación ES-MaACL
Número de control de estantería C-41321
Sublocalización o colección R.75781
Holdings
Estatus retirado Estado de pérdida Estado de daño No para préstamo Biblioteca de origen Biblioteca actual Ubicación en estantería Fecha de adquisición Fuente de adquisición Total de préstamos Signatura topográfica completa Código de barras Visto por última vez Precio de reemplazo Tipo de ítem Koha
        Biblioteca del Ateneo de Madrid Biblioteca del Ateneo de Madrid Depósito 2 17/01/2008     C-41321 1126944 23/02/2023 23/02/2023 Libro impreso